Central Library OPAC University of Rajshahi

Levels and trends of contraceptive use as assessed in 1988 / (Record no. 58209)

MARC details
000 -LEADER
fixed length control field 00972nam a2200277 a 4500
001 - CONTROL NUMBER
control field 58209
003 - CONTROL NUMBER IDENTIFIER
rucl marc code BD-RjUL
005 - DATE AND TIME OF LATEST TRANSACTION
control field 20211209080610.0
008 - FIXED-LENGTH DATA ELEMENTS--GENERAL INFORMATION
fixed length control field 161217s1989 nyua bs i000 0 eng
020 ## - INTERNATIONAL STANDARD BOOK NUMBER
International Standard Book Number 9211511763
035 ## - SYSTEM CONTROL NUMBER
System control number (BD-RjUL)58333
040 ## - CATALOGING SOURCE
Original cataloging agency DLC
Transcribing agency DLC
Modifying agency DLC
Language of cataloging eng
041 ## - LANGUAGE CODE
Language code of text/sound track or separate title eng
082 00 - DEWEY DECIMAL CLASSIFICATION NUMBER
Classification number 304.66
Edition number 23
Author mark and year LEV 1989
245 00 - TITLE STATEMENT
Title Levels and trends of contraceptive use as assessed in 1988 /
Statement of responsibility, etc. Department of International Economic and Social Affairs.
260 ## - PUBLICATION, DISTRIBUTION, ETC. (IMPRINT)
Place of publication, distribution, etc. New York :
Name of publisher, distributor, etc. United Nations,
Date of publication, distribution, etc. 1989.
300 ## - PHYSICAL DESCRIPTION
Pagination viii, 129 p. :
Illustrations ill. ;
Size 28 cm.
490 1# - SERIES STATEMENT
Series statement Population studies ;
Volume/sequential designation no. 110
500 ## - GENERAL NOTE
General note "ST/ESA/SER.A/110."
504 ## - BIBLIOGRAPHY, ETC. NOTE
Bibliography, etc Includes bibliographical references (p. 89-114)
650 #0 - SUBJECT ADDED ENTRY--TOPICAL TERM
Topical term or geographic name as entry element Birth control
9 (RLIN) 171032
710 2# - ADDED ENTRY--CORPORATE NAME
Corporate name or jurisdiction name as entry element United Nations.
Subordinate unit Department of International Economic and Social Affairs.
9 (RLIN) 171771
830 #0 - SERIES ADDED ENTRY--UNIFORM TITLE
Uniform title Population studies (New York, N.Y.) ;
Volume number/sequential designation no. 110.
942 ## - ADDED ENTRY ELEMENTS (KOHA)
Source of classification or shelving scheme Dewey Decimal Classification
Koha item type Books
Holdings
Lost status Source of classification or shelving scheme Damaged status Not for loan Collection code Permanent Location Current Location Shelving location Date acquired Source of acquisition Total Checkouts Full call number Date last seen Copy number Koha item type
  Dewey Decimal Classification   Not For Loan Non-fiction Central Library, University of Rajshahi Central Library, University of Rajshahi Reading Room 13/01/2009 RUCL   304.66 LEV 1989 17/12/2016 C-1 Books